Outline studies in the book of Romans. (Record no. 5668)

000 -LEADER
fixed length control field 00577nam a2200181 a 4500
001 - CONTROL NUMBER
control field :::00003410$&:&@@
003 - CONTROL NUMBER IDENTIFIER
control field OkBaRHE
005 - DATE AND TIME OF LATEST TRANSACTION
control field 20000607103305.0
008 - FIXED-LENGTH DATA ELEMENTS--GENERAL INFORMATION
fixed length control field s1912 j 000 0 eng u
040 ## - CATALOGING SOURCE
Transcribing agency
100 1# - MAIN ENTRY--PERSONAL NAME
Personal name Adair, Ward W.
245 10 - TITLE STATEMENT
Title Outline studies in the book of Romans.
260 ## - PUBLICATION, DISTRIBUTION, ETC. (IMPRINT)
Place of publication, distribution, etc New York, NY., :
Name of publisher, distributor, etc Association Press
Date of publication, distribution, etc c1912
300 ## - PHYSICAL DESCRIPTION
Extent 71 p. ;
Dimensions 20 cm.
650 ## - SUBJECT ADDED ENTRY--TOPICAL TERM
Topical term or geographic name as entry element Bible New Testament Romans
General subdivision Outlines, Syllabi, etc.
942 ## - ADDED ENTRY ELEMENTS (KOHA)
Source of classification or shelving scheme
Koha item type Books
Copies
Price effective from Not for loan Source of classification or shelving scheme Withdrawn status Permanent Location Full call number Date acquired Copy number Barcode Koha item type Damaged status Lost status Shelving location Date last seen
2010-04-14   RHEMA Bible Training CollegeBS 2665 .A3122010-04-1413410Books  General Stacks2018-03-28